000 00405pab a2200169 454500
008 180718b2008 xxu||||| |||| 00| 0 eng d
100 _aPramanik, Bimal
245 _aInfiltration from Bangladesh: a critical analysis
260 _c2008
300 _ap.54-63.
362 _aOct-Dec
650 _aMigration - Bangladesh
650 _aMigration
773 _aDialogue
908 _aN
909 _a80970
999 _c80970
_d80970